| 000 | 00000cam 2200000zi 4500 |
| 001 | 9.955651 |
| 003 | CaOODSP |
| 005 | 20251208111811 |
| 006 | m o d f |
| 007 | cr |n||||||||| |
| 008 | 250923e202511 oncd ob f000 0 fre d |
| 020 | |a9780660790862 |
| 040 | |aCaOODSP|bfre|erda|cCaOODSP |
| 043 | |an-cn--- |
| 086 | 1 |aFs70-5/2025-068F-PDF |
| 100 | 1 |aLewis, Keith P., |eauteur. |
| 245 | 10|aExamen et évaluation des points de référence limites possibles pour le capelan (Mallotus villosus) des divisions 2J3KL / |cKeith P. Lewis, Paul. M. Regular, Mariano Koen-Alonso, Fran Mowbray, Hannah M. Murphy, Aaron T. Adamack, Christina Bourne. |
| 264 | 1|aOttawa : |bSecrétariat canadien de consultation scientifique (SCCS), |cnovembre 2025 |
| 264 | 4|c©2025 |
| 300 | |a1 ressource en ligne (iv, 38 pages) : |bgraphiques. |
| 336 | |atexte|btxt|2rdacontent/fre |
| 337 | |ainformatique|bc|2rdamedia/fre |
| 338 | |aressource en ligne|bcr|2rdacarrier/fre |
| 490 | 1 |aDocument de recherche, |x2292-4272 ; |v2025/068 |
| 500 | |aPublié aussi en anglais sous le titre : Review and evaluation of potential limit reference points for 2J3KL capelin (Mallotus villosus). |
| 504 | |aComprend des références bibliographiques (pages 17-22). |
| 650 | 6|aCapelan|zTerre-Neuve-et-Labrador|zAtlantique, Côte de l'. |
| 650 | 6|aCapelan|xPêche commerciale|zTerre-Neuve-et-Labrador|zAtlantique, Côte de l'. |
| 650 | 6|aRessources halieutiques|xÉvaluation|zTerre-Neuve-et-Labrador|zAtlantique, Côte de l'. |
| 710 | 1 |aCanada. |bMinistère des pêches et des océans. |bRégion de Terre-Neuve et du Labrador, |eorganisme de publication. |
| 710 | 2 |aSecrétariat canadien de consultation scientifique, |eorganisme de publication. |
| 775 | 08|tReview and evaluation of potential limit reference points for 2J3KL capelin (Mallotus villosus) / |w(CaOODSP)9.955649 |
| 830 | #0|aDocument de recherche (Secrétariat canadien de consultation scientifique)|v2025/068.|w(CaOODSP)9.503788 |
| 856 | 40|qPDF|s1.01 Mo|uhttps://publications.gc.ca/collections/collection_2025/mpo-dfo/fs70-5/Fs70-5-2025-068-fra.pdf |